00320nam a2200121Ia 4500008004100000020001800041041000800059082001500067100002900082245003900111260003900150300000900189220803s9999 xx 000 0 und d a9788184985290 aeng a891.46 RIC aReich C & Kulkarni D Tr. aRules Of Deception .-9788184985290 aPunebMehta Publishing Housec2014 a438p